000 00542nam a2200193Ia 4500
005 20250326144802.0
008 250326s9999 xx 000 0 und d
020 _a0-08-044198-X
037 _aTextbook
040 _aFMSL
_beng
_cFMSL
041 _aeng
_2eng
084 _aX:74K P3
_qFMSL
100 _aShavinina L V
_9750105
245 0 _aInternational handbook on innovation
_cShavinina L V
260 _aLondon
_bLondon, Elsevier Science
_c2003
300 _a1170p
942 _cTB
_hX:74K P3
999 _c1305049
_d1305049